| 000 | 00627nam a22002177a 4500 | ||
|---|---|---|---|
| 999 |
_c5901 _d5901 |
||
| 003 | AR-CdUCM | ||
| 008 | 190313b ||||| |||| 00| 0 spa d | ||
| 040 |
_aMUNICIPALIDAD PROVINCIAL DEL CUSCO _cBIBLIOTECA MUNICIPAL DEL CUSCO |
||
| 041 | _hfre | ||
| 082 |
_a848.9 / _bC24 |
||
| 100 |
_aCamus, Albert _99136 |
||
| 245 | _aLos poseídos / | ||
| 260 |
_aBuenos Aires : _bLosada, _c1960. |
||
| 300 |
_a143 páginas ; _c20 cm. |
||
| 440 |
_aGran teatro del mundo. _917284 |
||
| 650 |
_aTeatro francés _92444 |
||
| 650 |
_aSiglo XX _98 |
||
| 700 |
_aOcampo, Victoria (traductora) _917391 |
||
| 942 |
_2ddc _cLIBROS |
||
| 945 | _azta | ||